Penguin Basic English Grammar

Enregistré dans:
Détails bibliographiques
Auteur principal: O'Driscoll, James
Format: Livre
Langue:anglais
Publié: London Penguin Books 1988
Édition:1. ed.
Tags: Ajouter un tag
Pas de tags, Soyez le premier à ajouter un tag!

MARC

LEADER 00000nam a2200000 4500
001 c024821
005 20221219120348.0
041 0 |a eng 
044 |a GB 
245 1 0 |a Penguin Basic English Grammar  |c James O'Driscoll 
250 |a 1. ed. 
264 1 |a London  |b Penguin Books  |c 1988 
300 |a 127 s. 
100 1 |a O'Driscoll, James